000 00779nam a22002537a 4500
999 _c1386
_d1386
003 AR-CdUCM
008 190226b ||||| |||| 00| 0 spa d
020 _a9788493639617
040 _aMUNICIPALIDAD PROVINCIAL DEL CUSCO
_cBIBLIOTECA MUNICIPAL DEL CUSCO
082 _a860.8 /
_bR86
100 _aRousaud, Daniel
_95282
245 _aNariz de Goma Roja /
_cRousaud, Daniel
260 _bGrafiques del Valles
300 _a72 paginas ;
_c25cm.
500 _aEdiciones Sotobosque
505 _aActo I -- Acto II -- Acto III --Acto IV.
650 _aEl payaso y la trapecista
_95283
650 _aEl Aire y la Arena
_95284
650 _aCuentos
_9217
650 _aLiteratura
_983
856 _fwww.mundosotobosque.com
942 _2ddc
_cLIBROS
945 _apjha
_d2019-02-26